000 00938nam a2200301 i 4500
001 11374
003 ES-MaACL
005 20230906150104.0
007 t|
008 921103s1992 sp |||| | spa d
020 _a84-7100-441-0
080 _a811.852.51
080 _a821.852.51-34
100 1 _aSalas, Adalberto.
_9101719
245 1 3 _aEl mapuche o Araucano
_b: fonología, gramática y antología de cuentos /
_cAdalberto Salas.
246 3 0 _aAraucano
260 _aMadrid :
_bMAPFRE,
_cD.L. 1992.
300 _a398 p ;
_c23 cm.
490 1 _aLenguas y literaturas indígenas ;
_v3
500 _aIndice.
504 _aBibliografía: p. [345]-362.
650 1 4 _aLengua mapuche.
_9162847
650 4 _aIndios de América del Sur-
_xLenguas.
_9143159
650 4 _aCuentos mapuches.
_9162848
830 0 _aLenguas y literaturas indígenas ;
_v3
_9179031
852 _aES-MaACL
_jL-18698
_bR.124159
999 _c11374
_d11374